Zgadnij rasę psa ale to wersja medium - Statystyki

Ogólne statystyki
  • Ten quiz został rozwiązany 22 razy
  • Średni wynik to 5 z 8
Statystyki odpowiedzi
Obrazkowy Odpowiedź % Poprawnych
Labrador
88%
Maltańczyk
88%
Chow Chow
82%
Pekińczyk
65%
Shiba Inu
65%
Berneński Pies Pasterski
59%
Shih Tzu
41%
Jack Russell Terrier
29%
Nie znaleziono quizów pasujących do podanych kryteriów
Rozkład punktacji
Procent ludzi z każdym wynikiem
Percentyl według liczby udzielonych odpowiedzi
Twoja historia wyników
Nie rozwiązałeś tego quizu